La razón de la fuerza (Record no. 163361)

MARC details
000 -LEADER
campo de control de longitud fija 00926nam a22001815i 4500
001 - NÚMERO DE CONTROL
campo de control 163361
003 - IDENTIFICADOR DE NÚMERO DE CONTROL
campo de control ES-MaACL
005 - FECHA Y HORA DE LA ÚLTIMA TRANSACCIÓN
campo de control 20251109135024.0
008 - DATOS DE LONGITUD FIJA--INFORMACIÓN GENERAL
campo de control de longitud fija 991008s1872 sp |||| | spa d
040 ## - FUENTE DE CATALOGACIÓN
Centro catalogador/agencia de origen CCPB | B
Lengua de catalogación spa
Centro/agencia transcriptor CCPB | B
100 1# - ENTRADA PRINCIPAL--NOMBRE DE PERSONA
Nombre de persona Retes, Francisco Luis de,
Fechas asociadas al nombre 1822-1901
9 (RLIN) 131729
245 13 - MENCIÓN DEL TÍTULO
Título La razón de la fuerza
Resto del título : comedia en tres actos y en verso /
Mención de responsabilidad, etc. original de los señores D. Francisco Luis de Retes y D. Francisco Pérez Echevarría.
260 ## - PUBLICACIÓN, DISTRIBUCIÓN, ETC.
Lugar de publicación, distribución, etc. Madrid :
Nombre del editor, distribuidor, etc. Administración Lírico-Dramática,
Fecha de publicación, distribución, etc. 1872 (
Fabricante Imprenta de José Rodríguez)
300 ## - DESCRIPCIÓN FÍSICA
Extensión 95 p. ;
Dimensiones 20 cm.
700 1# - ENTRADA AGREGADA--NOMBRE PERSONAL
Nombre de persona Pérez Echevarría, Francisco,
Fechas asociadas al nombre 1842-1884
9 (RLIN) 131463
852 ## - LOCALIZACIÓN
Ubicación ES-MaACL
Número de control de estantería F-8574(6)
Nota libre -- Enc. pasta española, falto de la cub. original
-- -- Enc. en un vol. facticio formando parta de la Col. "Teatro español moderno" vol. 27
-- .- Dedicatoria manuscrita de los autores en anteport.
Holdings
Estatus retirado Estado de pérdida Estado de daño No para préstamo Colección Biblioteca de origen Biblioteca actual Ubicación en estantería Fecha de adquisición Total de préstamos Signatura topográfica completa Código de barras Visto por última vez Precio de reemplazo Tipo de ítem Koha
        Libros del s. XIX Biblioteca del Ateneo de Madrid Biblioteca del Ateneo de Madrid Sala Pecera Planta 2 17/01/2008   F-8574(6) 1171187 23/02/2023 23/02/2023 Libro impreso antiguo